Innovative thinking in risk, crisis, and disaster management

Bibliographic Details
Corporate Author: ProQuest (Firm)
Other Authors: Bennett, Simon, 1958-
Format: Electronic eBook
Language:English
Published: Farnham [England] ; Burlington, Vt. : Gower, c2012.
Subjects:
Online Access:Click to View
LEADER 01403nam a2200385 a 4500
001 EBC879681
003 MiAaPQ
005 20200520144314.0
006 m o d |
007 cr cn|||||||||
008 110926s2012 enka sb 001 0 eng d
010 |z  2011040162 
020 |z 9781409411949 
020 |a 9781409411956 (electronic bk.) 
035 |a (MiAaPQ)EBC879681 
035 |a (Au-PeEL)EBL879681 
035 |a (CaPaEBR)ebr10541041 
035 |a (CaONFJC)MIL924791 
035 |a (OCoLC)781714046 
040 |a MiAaPQ  |c MiAaPQ  |d MiAaPQ 
050 4 |a HM1101  |b .I56 2012 
082 0 4 |a 363.1  |2 23 
245 0 0 |a Innovative thinking in risk, crisis, and disaster management  |h [electronic resource] /  |c edited by Simon Bennett. 
260 |a Farnham [England] ;  |a Burlington, Vt. :  |b Gower,  |c c2012. 
300 |a vi, 277 p. :  |b ill. 
504 |a Includes bibliographical references and index. 
533 |a Electronic reproduction. Ann Arbor, MI : ProQuest, 2015. Available via World Wide Web. Access may be limited to ProQuest affiliated libraries. 
650 0 |a Risk  |x Sociological aspects. 
650 0 |a Risk assessment. 
650 0 |a Emergency management. 
650 0 |a Crisis management. 
655 4 |a Electronic books. 
700 1 |a Bennett, Simon,  |d 1958- 
710 2 |a ProQuest (Firm) 
856 4 0 |u https://ebookcentral.proquest.com/lib/matrademy/detail.action?docID=879681  |z Click to View